Paper Mario Partners - Statistics

General Stats
  • This quiz has been taken 262 times
  • The average score is 6 of 8
Answer Stats
Species Partner % Correct
Goomba Goombario
93%
Koopa Kooper
86%
Bob-Omb Bombette
85%
Boo Bow
78%
Fish Sushi
76%
Spark Watt
76%
Lakitu Lakilester
74%
Parakoopa Parakarry
74%
No matching quizzes found
Score Distribution
Percent of People with Each Score
Percentile by Number Answered
Your Score History
You have not taken this quiz